Countries with the Most Arabs with Exceptions - Statistics

General Stats
  • This quiz has been taken 747 times
  • The average score is 9 of 15
Answer Stats
# People Country % Correct
3.70 m United States
98%
5.50 m France
86%
5.00 m Turkey
85%
1.15 m Germany
82%
1.50 m Iran
76%
1.35 m Spain
75%
12.0 m Brazil
65%
4.50 m Argentina
55%
1.50 m Mexico
55%
1.70 m Israel
50%
1.50 m Colombia
47%
800 k Chile
46%
5.00 m Indonesia
42%
1.60 m Venezuela
40%
1.53 m Chad
32%
No matching quizzes found
Score Distribution
Percent of People with Each Score
Percentile by Number Answered
Your Score History
You have not taken this quiz